=LDR 00000nam 2200000 4500 =001 INLIS000000000017554 =005 20130612112750 =008 ***********************************Ind** =035 ##$$0010-061300000017554 =041 ##$$a Ind =082 ##$$a 634.651 =090 ##$$a 654.651, Kal b =100 ##$$a Kalie, Muhd Baga =245 ##$$a Bertanam pepaya, Moehd. Baga Kalie =260 ##$$a 2005 $b Jakarta =300 ##$$a viii, 120 hlm, ilus, 21 cm =650 ##$$a Pepaya =850 ##$$a NBPNMAT